000 00732nam a2200157 i 4500
001 170910
003 ES-MaACL
005 20230906214508.0
008 090416s1854 sp |||| | spa d
100 0 _aEguilaz, Luis de.
_946758
245 1 4 _aUna broma de Quevedo
_b: comedia original, en tres actos y en verso /
_cpor Luis de Eguilaz.
260 _aMadrid :
_b[s.n.],
_c1854 (
_fImp. del Semanario é Ilustración)
300 _a76 p. ;
_c19 cm.
500 _aEn port.: Representada por primera vez en el teatro del Príncipe el 24 de diciembre de 1853.
852 _aES-MaACL
_jF-8569(5)
_zEnc. pasta española
_q.- Falto de la cub. original
_z.- Enc. en vol. facticio formando parte de la col. "Teatro español moderno", vol. 22
999 _c170910
_d170910